000 00263nam a2200109Ia 4500
008 220216s9999 xx 000 0 und d
245 0 _aIndian rubber bulletin: Import of rubber
260 _bPlanter
_c1958
300 _a11
650 _aRubber import
942 _cJS
999 _c61076
_d61076